00335nam a2200121Ia 450000500170000000800410001708200130005824500150007126000490008630000130013550000450014870000200019320250528015304.0240331s9999 xx 000 0 und d bITHa303 0aIthihasaya aColombobSocial Scientists Associationc2008 a102 p ., aIthihasaya - heritage incentive journal aHeritage. eedt